| 000 | 00324nam a22001217a 4500 | ||
|---|---|---|---|
| 082 |
_a620.104 _bJAN _cL-38, P-163 |
||
| 100 |
_ajANSSON, pER-aKE _940652 |
||
| 245 | _aEngineering Mechanics Dynamics Vol 2 | ||
| 300 |
_a522 p. : _bills. ; |
||
| 526 |
_a0 _b0 _c0 _d620_104000000000000_JAN |
||
| 650 |
_aMCE _9379 |
||
| 942 |
_2ddc _cBK |
||
| 999 |
_c545018 _d545018 |
||